000 01348nas a2200397 4500
001 BR2012005021
003 BR-BrBNA
005 20231205120825.0
007 ta
008 230509b bl.|||p| |||| 00| 00por d
040 _aBR-BrBNA
_bpor
_cBiblioteca Nacional de Agricultura
041 _a(Pt)
072 _aL73
100 1 _aMoraes, C.C.G. de
100 1 _aKuroda, R.B. dos S.
100 1 _aPinho, A.P.V.B.
100 1 _aYwasaki, F.
100 1 _aMeneses, A.M.C.
100 1 _aMartins, A.V.
100 1 _aAmaral Júnior, J.M. do
100 1 _aDias, H.L.T.
100 1 _aVasconcellos, S.A.
245 1 _aPesquisa de anticorpos para sorovares de Leptospira interrogans patogênicas em equídeos riados na ilha de Algodoal, estado do Pará
246 1 _aA study of anti-Leptospira interrogans antibodies in horses bred on Algodoal island, in the Brazilian State of Pará
650 _aEQUINO
650 _aLEPTOSPIROSE
650 _aDOENÇA ANIMAL
650 _aBACTÉRIA
650 _aANTICORPO
650 _aPARÁ
650 _aANTICORPO
650 _aPARÁ
773 0 _tRevista de Ciências Agrárias Amazonian Journal of Agricultural and Environmental Sciences (Brazil)
_xISSN 1517-591X
_g(Jul-Dec 2010), v. 53(2) p. 188-194
_wBR2012005021
909 _a202311
_bLúcia
_c55
_dLúcia Elande
942 _2AGRIS
_n0
_cANA
999 _c220501
_d220501